El prisionero de Spandau /

Enregistré dans:
Détails bibliographiques
Auteur principal: Iles, Greg (autor)
Format: Livre
Langue:espagnol
Publié: Buenos Aires, Argentina : Emecé, 1999, c1999
Collection:(Grandes Novelistas Emecé)
Sujets:
Tags: Ajouter un tag
Pas de tags, Soyez le premier à ajouter un tag!

MARC

LEADER 00000nam^a2200000^a^4500
001 000380850
005 20250521000000.0
009 20260310120624.795
020 |a 950-04-2069-4 
037 |a Acervo ITESO - Biblioteca 
041 |a ESP 
082 |a 813.  |b ILE 
100 |a Iles, Greg  |e (autor) 
245 1 3 |a El prisionero de Spandau /  |c G. Iles ; tr. por Gabriel Zadunaisky. 
264 4 |a Buenos Aires, Argentina :  |b Emecé,  |c 1999, c1999 
300 |a 651 p. 
336 |a texto  |b txt  |2 rdacontenido 
337 |a sin mediación  |b n  |2 rdamedio 
338 |a volumen  |b nc  |2 rdasoporte 
440 1 |a (Grandes Novelistas Emecé) 
500 |a Traducción de: Spandau Phoenix 
649 |a XX 
650 |a Novela Norteamericana 
650 |a Literatura Norteamericana -  |y Siglo XX 
910 |a Fondo General 
920 |a Impresos - Libros 
930 |a Colección General 
940 |a Literatura 
905 |a 101 
901 |a 0500275973  |b IT1  |c LIT  |i D77145  |u 20250521 
902 |a https://opac.biblio.iteso.mx/vufind/Record/000380850